| LEADER | 00713nam a2200157 4500 | ||
|---|---|---|---|
| 082 | |a 520 |b PH104V | ||
| 100 | |a Phạm Viết Trinh | ||
| 245 | |a Giáo trình thiên văn |c Phạm Viết Trinh, Nguyễn Đình Hoãn | ||
| 260 | |a H.: |b Giáo dục, |c 1986. | ||
| 300 | |a 285 tr.; |c 21 cm. | ||
| 520 | |a v.v... | ||
| 653 | |a Thiên văn | ||
| 942 | |2 ddc |c STK0 | ||
| 999 | |c 7099 |d 7099 | ||
| 952 | |0 0 |1 0 |2 ddc |4 0 |6 520_000000000000000_PH104V |7 0 |8 500 |9 66079 |a qbu |b qbu |c D3 |d 2015-01-28 |o 520 PH104V |p 6442.c1 |r 0000-00-00 |w 2015-01-28 |y STK0 |0 0 |6 520_000000000000000_PH104V | ||
| 952 | |0 0 |1 0 |2 ddc |4 0 |6 520_000000000000000_PH104V |7 0 |8 500 |9 94069 |a qbu |b qbu |c D3 |d 2015-09-15 |o 520 PH104V |p 6442.c2 |r 0000-00-00 |w 2015-09-15 |y STK0 |0 0 |6 520_000000000000000_PH104V | ||